000
00348nam a2200133Ia 4500
008
151001s9999||||xx |||||||||||||| ||und||
100
_a
सुभाष मुखोपाध्याय
245
_a
कवी ने कहा
250
_a
1
260
_b
आरोग्य निधी
260
_c
2012
300
_a
112
365
_b
21
999
_c
999112
_d
999109